Selected writing of Edward Sapir in language, culture and personality
Αποθηκεύτηκε σε:
| Άλλοι συγγραφείς: | |
|---|---|
| Μορφή: | Βιβλίο |
| Γλώσσα: | English |
| Δημοσίευση: |
Berkeley :
University of California Press,
1949
|
| Θέματα: | |
| Ετικέτες: |
Προσθήκη ετικέτας
Δεν υπάρχουν, Καταχωρήστε ετικέτα πρώτοι!
|
MARC
| LEADER | 00000nam a2200000 i 4500 | ||
|---|---|---|---|
| 001 | 1/13375 | ||
| 008 | 980312s1949 eng d | ||
| 020 | |a 0-520-01115-5 | ||
| 035 | |1 ΠΑΡ |a 1997 |l 10019018 | ||
| 040 | |a GR-MY-UA |b gre |e aacr | ||
| 041 | 0 | |a eng | |
| 082 | 0 | |a 306.44089 | |
| 245 | 1 | 0 | |a Selected writing of Edward Sapir in language, culture and personality / |c Edited by David G. Mandelbaum |
| 260 | |a Berkeley : |b University of California Press, |c 1949 | ||
| 300 | |a 617 p. | ||
| 504 | |a Includes bibliographial references | ||
| 600 | 1 | 0 | |a Sapir Edward |d 1884-1939. |
| 650 | 0 | 0 | |a Sociolinguistics. |
| 650 | 0 | 0 | |a Anthropological linguistics. |
| 700 | 1 | |a Mandelbaum, David Goodman |d 1911- |4 edt | |
| 852 | |a INST |b LESVOS |e 19980312 |h 306.44089 SEL |p 005100004768 |q 005100004768 |t BK |y 0 | ||
| 909 | |a Λ |b 012367 | ||